000 00268nam a2200109Ia 4500
008 190216s9999||||xx |||||||||||||| ||und||
100 _aSubhu Raj
245 0 _aClercks Grade Examinations
260 _bSura College Of Competition
650 _aReferences
942 _cREF
999 _c35841
_d35841